| 000 | 00722nam a22002417a 4500 | ||
|---|---|---|---|
| 005 | 20200104041800.0 | ||
| 008 | 170926s2017 ck ||||| |||| 00| 0 spa d | ||
| 020 | _a9789588962184 | ||
| 040 |
_aCO-BoIAVH _cCO-BoIAVH |
||
| 041 | _aspa | ||
| 044 | _ack | ||
| 090 |
_aI-TDL _b04 |
||
| 100 | _aMartinez Sanchez, José | ||
| 245 | _aMartín girasol | ||
| 260 |
_a2017: _bTiempo de Leer Editorial, _c2017. |
||
| 300 |
_a47 páginas _bilustraciones _c22 x 22cm |
||
| 490 | _aColección Ecocuentos y Ecofábulas | ||
| 650 | 1 | 4 | _aLiteratura infantil |
| 650 | 1 | 4 | _aEducación ambiental |
| 650 | 1 | 4 | _aCuentos para niños |
| 700 |
_aFlorian, Edwin Angel _eilustrador |
||
| 942 |
_2z _cLIBRO |
||
| 999 |
_c19885 _d19885 |
||